Cost Control and Cost Reduction (Record no. 97237)

MARC details
000 -LEADER
fixed length control field 00378nam a2200145Ia 4500
008 - FIXED-LENGTH DATA ELEMENTS--GENERAL INFORMATION
fixed length control field 230128s9999 xx 000 0 und d
041 ## - LANGUAGE CODE
Language code of text/sound track or separate title eng
082 ## - DEWEY DECIMAL CLASSIFICATION NUMBER
Classification number RAW PR0426
Item number RAW
100 ## - MAIN ENTRY--PERSONAL NAME
Personal name Rawal Dipali M - 2K91145
9 (RLIN) 118939
245 ## - TITLE STATEMENT
Title Cost Control and Cost Reduction
260 ## - PUBLICATION, DISTRIBUTION, ETC. (IMPRINT)
Date of publication, distribution, etc. 2011
Name of publisher, distributor, etc. Pune University
Place of publication, distribution, etc. Pune
300 ## - PHYSICAL DESCRIPTION
Extent 74p
502 ## - DISSERTATION NOTE
Name of granting institution Ghate Madhuri

No items available.